| Tag |
First Indicator |
Second Indicator |
Subfields |
| LEADER |
00000cam a2200000 a 4500 |
| 001 |
in00002549913 |
| 005 |
20151201090312.0 |
| 008 |
090903s2010 flua b 001 0 eng |
| 010 |
|
|
|a 2009036995
|
| 015 |
|
|
|a GBA9C6200
|2 bnb
|
| 016 |
7 |
|
|a 101514553
|2 DNLM
|
| 016 |
7 |
|
|a 015449220
|2 Uk
|
| 019 |
|
|
|a 212844039
|
| 020 |
|
|
|a 1420084615 (hardcover : alk. paper)
|
| 020 |
|
|
|a 9781420084610 (hardcover : alk. paper)
|
| 035 |
|
|
|a (OCoLC)436259119
|
| 035 |
|
|
|a (OCoLC)ocn436259119
|
| 040 |
|
|
|a DNLM/DLC
|c DLC
|d BTCTA
|d BAKER
|d NLM
|d UKM
|d C#P
|d YDXCP
|d BWX
|d UtOrBLW
|
| 042 |
|
|
|a pcc
|
| 049 |
|
|
|a TXAM
|
| 050 |
0 |
0 |
|a QD381
|b .M355 2010
|
| 060 |
1 |
0 |
|a QT 37.5.P7
|b M174 2010
|
| 070 |
0 |
|
|a QD381
|b .M355 2010
|
| 082 |
0 |
0 |
|a 620.1/92
|2 22
|
| 245 |
0 |
0 |
|a Macroporous polymers :
|b production properties and biotechnological/biomedical applications /
|c edited by Bo Mattiasson, Ashok Kumar, Igor Yu. Galaev.
|
| 264 |
|
1 |
|a Boca Raton :
|b CRC Press/Taylor & Francis,
|c [2010]
|
| 264 |
|
4 |
|c ©2010
|
| 300 |
|
|
|a xi, 513 pages :
|b illustrations ;
|c 25 cm.
|
| 336 |
|
|
|a text
|b txt
|2 rdacontent
|
| 337 |
|
|
|a unmediated
|b n
|2 rdamedia
|
| 338 |
|
|
|a volume
|b nc
|2 rdacarrier
|
| 504 |
|
|
|a Includes bibliographical references and index.
|
| 505 |
0 |
|
|a Production of macroporous polymeric materials by phase separation polymerization / Oguz Okay -- Production and properties of cryogels by radical polymerization / Fatima M. Plieva, Igor Yu. Galaev, and Bo Mattiasson -- Macroporous polymer scaffolds through leaching processes / Michael C. Hacker, Kristina Ambrosch, and Michaela Schulz-Siegmun -- Production and properties of poly(vinyl alcohol) cryogels : recent developments / María C. Gutiérrez ... [et al.] -- Preparation of polylactide scaffolds / Ming-Hua Ho ... [et al.] -- Macroporous polysaccharide gels / Fatima M. Plieva, Igor Yu. Galaev, and Bo Mattiasson -- Superporous agarose gels : production, properties, and applications / Per-Erik Gustavsson, Peter Tiainen, and Per-Olof Larsson -- Fast-responsive macroporous hydrogels / Hossein Omidian and Kinam Park -- Characterization of macroporous gels / Irina N. Savina ... [et al.].
|
| 505 |
0 |
|
|a Macroporous polymeric materials : synthetic strategies and morphological characterizations / Anil K. Bajpai and Sandeep K. Shukla -- Macroporous gels for isolation of small molecules from the solutions containing suspended material / Bo Mattiasson, Fatima M. Plieva, and Igor Yu. Galaev -- Monolithic macroporous polymers as chromatographic matrices / Nika Lendero Krajnc ... [et al.] -- Chromatographic separation of plasmid DNA using macroporous beads / Duarte M. de França Prazeres -- Cryogels as matrices for cell separation and cell cultivation / Maria B. Dainiak ... [et al.] -- Macroporous polymeric scaffolds for tissue engineering applications / Ashok Kumar, Era Jain, and Akshay Srivastava -- Polymeric scaffolds for regenerative medicine / Paul A. De Bank, Matthew D. Jones, and Marianne J. Ellis.
|
| 520 |
8 |
|
|a Macroporous polymers are rapidly becoming the material of choice for many tissue engineering, bioseparation, and bioprocessing applications. Presented in a systematic way, this book addresses the production, characterization, and application of these polymers.
|
| 650 |
|
0 |
|a Polymers.
|
| 650 |
|
0 |
|a Porous materials.
|
| 650 |
1 |
2 |
|a Polymers
|x chemical synthesis.
|
| 650 |
1 |
2 |
|a Polymers
|x therapeutic use.
|
| 650 |
2 |
2 |
|a Cell Separation.
|
| 650 |
2 |
2 |
|a Gels
|x chemical synthesis.
|
| 650 |
2 |
2 |
|a Gels
|x therapeutic use.
|
| 650 |
2 |
2 |
|a Regenerative Medicine
|x methods.
|
| 650 |
2 |
2 |
|a Tissue Engineering.
|
| 700 |
1 |
|
|a Mattiasson, Bo,
|d 1945-
|
| 700 |
1 |
|
|a Kumar, Ashok,
|d 1963-
|
| 700 |
1 |
|
|a Galaev, Igor.
|
| 938 |
|
|
|a YBP Library Services
|b YANK
|n 3088855
|
| 938 |
|
|
|a Blackwell Book Service
|b BBUS
|n R7825750
|c $129.95
|
| 945 |
|
|
|a PromptCat
|b 898619
|
| 946 |
|
|
|a stk
|
| 947 |
|
|
|a A14840061580
|
| 945 |
|
|
|a PromptCat
|
| 946 |
|
|
|a qatar
|
| 947 |
|
|
|a Q14800056862
|
| 948 |
|
|
|a cataloged
|b h
|d 2010/2/11
|h c
|e asalazar
|f 4:26:15 pm
|
| 994 |
|
|
|a 92
|b TXA
|
| 999 |
|
|
|a MARS
|
| 999 |
f |
f |
|s 78059dff-ccbf-3999-af01-476855e66ec4
|i e18c4c8f-9cf4-3ed7-bac4-d2d1dce81e64
|t 0
|
| 952 |
f |
f |
|p normal
|a Texas A&M University
|b College Station
|c Sterling C. Evans Library
|d Evans: Library Stacks
|t 0
|e QD381 .M355 2010
|h Library of Congress classification
|i unmediated -- volume
|m A14840061580
|
| 998 |
f |
f |
|a QD381 .M355 2010
|t 0
|l Evans: Library Stacks
|